000 00465nam a2200169Ia 4500
008 230917s9999||||xx |||||||||||||| ||und||
020 _cRS 695.00
040 _e5010890
_aMAIN
041 _aEnglish
082 _a174 S45P
100 _aSpillman, H C
245 0 _aPersonality: Studies in personal development
260 _aNew Delhi
_bShri Sai Printographers
_c2019
300 _a120 p.
500 _a4011 03/02/2020 FP20/599 10/02/2020 Main Budget
942 _cBK
999 _c1673
_d1673